| Tag |
First Indicator |
Second Indicator |
Subfields |
| LEADER |
00000cam a2200000La 4500 |
| 001 |
in00001742012 |
| 005 |
20220105121256.0 |
| 006 |
m u |
| 007 |
cr cn- |
| 008 |
001113s1999 nyua sb 001 0 eng d |
| 020 |
|
|
|a 0585252653 (electronic bk.) :
|c $52.00
|
| 020 |
|
|
|z 0807738409 (pbk. : alk. paper)
|
| 020 |
|
|
|z 0807738417 (cloth : alk. paper)
|
| 035 |
|
|
|a (OCoLC)ocm45728073
|
| 040 |
|
|
|a N$T
|c N$T
|d OCL
|d UtOrBLW
|
| 043 |
|
|
|a n-us---
|
| 049 |
|
|
|a IKMN
|
| 050 |
1 |
4 |
|a LB1631
|b .I63 1999eb
|
| 082 |
0 |
4 |
|a 428/.0071/2
|2 21
|
| 245 |
0 |
0 |
|a Inside city schools :
|b investigating literacy in multicultural classrooms /
|c Sarah Warshauer Freedman [and others] ; foreword by Sonia Nieto.
|
| 264 |
|
1 |
|a New York :
|b Teachers College Press,
|c [1999]
|
| 264 |
|
4 |
|c ©1999
|
| 300 |
|
|
|a xx, 267 pages :
|b illustrations ;
|c 24 cm.
|
| 336 |
|
|
|a text
|b txt
|2 rdacontent
|
| 337 |
|
|
|a computer
|b c
|2 rdamedia
|
| 338 |
|
|
|a online resource
|b cr
|2 rdacarrier
|
| 490 |
1 |
|
|a The practitioner inquiry series
|
| 504 |
|
|
|a Includes bibliographical references (pages 241-246) and index.
|
| 533 |
|
|
|a Electronic reproduction.
|b Boulder, Colo. :
|c NetLibrary,
|d 2000.
|n Available via World Wide Web.
|n Access may be limited to NetLibrary affiliated libraries.
|
| 500 |
|
|
|a Electronic resource.
|
| 650 |
|
0 |
|a Language arts (Secondary)
|z United States.
|0 http://id.loc.gov/authorities/subjects/sh2008106658
|
| 650 |
|
0 |
|a Social sciences
|x Study and teaching (Secondary)
|z United States.
|0 http://id.loc.gov/authorities/subjects/sh2008111875
|
| 650 |
|
0 |
|a Multicultural education
|z United States.
|0 http://id.loc.gov/authorities/subjects/sh2008107206
|
| 650 |
|
0 |
|a Education, Urban
|z United States.
|0 http://id.loc.gov/authorities/subjects/sh2008102711
|
| 650 |
|
0 |
|a Education, Secondary
|x Curricula
|z United States.
|0 http://id.loc.gov/authorities/subjects/sh2008119018
|
| 650 |
|
0 |
|a Action research in education
|z United States.
|0 http://id.loc.gov/authorities/subjects/sh2008117537
|
| 655 |
|
7 |
|a Electronic books.
|2 local
|
| 700 |
1 |
|
|a Freedman, Sarah Warshauer.
|0 http://id.loc.gov/authorities/names/n85077851
|
| 710 |
2 |
|
|a NetLibrary, Inc.
|0 http://id.loc.gov/authorities/names/no99080690
|
| 830 |
|
0 |
|a Practitioner inquiry series.
|0 http://id.loc.gov/authorities/names/n95115777
|
| 856 |
4 |
1 |
|u https://proxy.library.tamu.edu/login?url=http://www.netLibrary.com/urlapi.asp?action=summary&v=1&bookid=34527
|z Connect to the full text of this electronic book
|t 0
|
| 994 |
|
|
|a 92
|b IKM
|
| 999 |
|
|
|a MARS
|
| 999 |
f |
f |
|s 82c5e0f7-891a-361a-9a58-ae620e4e5212
|i bb3883d0-e995-37a0-b67d-ebbebe3e2507
|t 0
|
| 952 |
f |
f |
|a Texas A&M University
|b College Station
|c Electronic Resources
|d Available Online
|t 0
|e LB1631 .I63 1999eb
|h Library of Congress classification
|
| 998 |
f |
f |
|a LB1631 .I63 1999eb
|t 0
|l Available Online
|